| 000 | 00506nam a2200181Ia 4500 | ||
|---|---|---|---|
| 008 | 191130s1941##################000#0#eng## | ||
| 020 | _a406850216 | ||
| 040 |
_aACL _cACL |
||
| 082 | _a348.4204 WIL | ||
| 245 |
_aThe all England law reports 1936 _cedited by W. J. Williams |
||
| 260 |
_aLondon _bButterworth & Co _c1941 |
||
| 300 | _a568 p.; 23 cm. | ||
| 650 | _aLaw- Reports | ||
| 700 | _aWilliams, W. J | ||
| 990 | _a027a71f8ac10000c1d03141f9baab464 | ||
| 991 | _a388241 | ||
| 999 |
_c292574 _d292574 |
||